What is gravity? / (Record no. 2841)

MARC details
000 -LEADER
fixed length control field 00816cam a22002654a 4500
005 - DATE AND TIME OF LATEST TRANSACTION
control field 20250724145303.0
020 ## - INTERNATIONAL STANDARD BOOK NUMBER
International Standard Book Number 9780516258447
040 ## - CATALOGING SOURCE
Original cataloging agency DLC
Transcribing agency DLC
Modifying agency DLC
Language of cataloging eng
050 00 - LIBRARY OF CONGRESS CALL NUMBER
Classification number QC178.T78
Item number 2004
082 00 - DEWEY DECIMAL CLASSIFICATION NUMBER
Classification number 531.14
100 1# - MAIN ENTRY--PERSONAL NAME
Personal name Trumbauer, Lisa
Dates associated with a name 1963-
245 10 - TITLE STATEMENT
Title What is gravity? /
Statement of responsibility, etc. by Lisa Trumbauer.
260 ## - PUBLICATION, DISTRIBUTION, ETC.
Place of publication, distribution, etc. New York :
Name of publisher, distributor, etc. Scholastic ;
Date of publication, distribution, etc. 2004
300 ## - PHYSICAL DESCRIPTION
Extent 31 page :
Other physical details color illustrations ;
Dimensions 19 cm.
490 ## - SERIES STATEMENT
Series statement Rookie Read-About Science
505 ## - FORMATTED CONTENTS NOTE
Formatted contents note H <br/>
520 ## - SUMMARY, ETC.
Summary, etc. A simple introduction to gravity, describing what it is and giving some effects of this force.
521 ## - TARGET AUDIENCE NOTE
Target audience note 440 <br/>
Source Lexile <br/>
521 ## - TARGET AUDIENCE NOTE
Target audience note H <br/>
Source Raz-Plus <br/>
650 #0 - SUBJECT ADDED ENTRY--TOPICAL TERM
Topical term or geographic name entry element Gravity
Form subdivision Juvenile literature.
650 #1 - SUBJECT ADDED ENTRY--TOPICAL TERM
Topical term or geographic name entry element Gravity.
906 ## - LOCAL DATA ELEMENT F, LDF (RLIN)
a 7
b cbc
c orignew
d 1
e ecip
f 20
g y-gencatlg
942 ## - ADDED ENTRY ELEMENTS (KOHA)
Source of classification or shelving scheme Dewey Decimal Classification
Koha item type Books
Suppress in OPAC No
999 ## -
-- 2841
-- 2841
Holdings
Withdrawn status Lost status Source of classification or shelving scheme Damaged status Not for loan Collection Home library Current library Shelving location Date acquired Total Checkouts Full call number Barcode Date last seen Date last checked out Copy number Price effective from Koha item type
    Dewey Decimal Classification     Non-Fiction Footprints International School Library Network Toul Tom Poung Campus Footprints International School Library Network Toul Tom Poung Campus TTP Primary Dark Blue Bookshelves 01/17/2024 2 TRU 531.14 QC178.T78 FISBK02024 04/08/2024 03/26/2024 1 01/17/2024 Books
    Dewey Decimal Classification     Non-Fiction Footprints International School Library Network Toul Tom Poung Campus Footprints International School Library Network Toul Tom Poung Campus TTP Primary Dark Blue Bookshelves 07/24/2025   TRU 531.14 QC178.T78 FISBK02025 07/24/2025   2 07/24/2025 Books